| 000 | 00392nam a2200133Ia 4500 | ||
|---|---|---|---|
| 008 | 170221s9999 xx 000 0 und d | ||
| 100 | _aXin Deng | ||
| 245 | 4 | _aThe Bank Lending Channel: Evidence from Australia | |
| 245 | _cXin Deng and Luke Liu | ||
| 260 | _c2012 | ||
| 300 | _a12 : 1 | ||
| 650 | _xBusiness | ||
| 856 | _uhttp://ro.uow.edu.au/cgi/viewcontent.cgi?article=1480&context=aabfj | ||
| 999 |
_c311668 _d311668 |
||